|
|
|
|
| LEADER |
00000ny a22000003n 4500 |
| 003 |
OCoLC |
| 005 |
20110615140453.0 |
| 008 |
050902s1993 nyu b i001 0 eng c |
| 020 |
|
|
|a 9789211337365
|
| 035 |
|
|
|a 2639
|
| 040 |
|
|
|a SLU
|c SLU
|d vLex
|
| 050 |
1 |
4 |
|a K1370
|b .L44 2005
|
| 050 |
1 |
4 |
|a K1370
|b .L44 2005
|
| 090 |
|
|
|c 720
|d 720
|
| 245 |
0 |
0 |
|a Legislative guide on insolvency law
|h [Recurso electrn̤ico]
|
| 246 |
3 |
|
|a UNCITRAL
|
| 246 |
3 |
|
|a UNCITRAL, legislative guide on insolvency law
|
| 256 |
|
|
|a Servicio en ln̕ea
|
| 260 |
|
|
|a New York :
|b United Nations,
|c 2005
|
| 300 |
|
|
|a xi, 384 p. ;
|c 24 cm
|
| 500 |
|
|
|a "United Nations publication sales no. E.05.V.10"--T.p. verso
|
| 504 |
|
|
|a Includes bibliographical references and index
|
| 506 |
1 |
|
|a Contenido solo disponible en los productos indicados
|d vLex Global
|d vLex Global (Academic Edition, excluding Law Schools)
|d vLex Global (U.S. Academic Edition, Law Schools)
|d vLex Global (U.S. Academic Edition, excluding Law Schools)
|d vLex Global (Academic Edition, Law Schools)
|
| 650 |
0 |
4 |
|a Derecho mercantil
|
| 650 |
0 |
4 |
|a Quiebra
|
| 710 |
2 |
|
|a Naciones Unidas.
|b Comisin̤ para el Derecho Mercantil Internacional
|
| 740 |
0 |
|
|a vLex Libros (Servicios en ln̕ea)
|
| 856 |
4 |
0 |
|z Acceso restringido
|u http://vlex.com/source/2639
|
| 942 |
|
|
|c BOOK
|
| 999 |
|
0 |
|a Bankruptcy.
|b New York
|
| 999 |
|
0 |
|a Commercial law.
|